• 首页
  • 本馆介绍
  • 公告通知
  • 最新文献
  • 馆藏检索
  • 电子资源
  • 读者导购
  • 参考咨询
  • 我的图书馆
  • 登录
  • 详细信息显示
  • 放入我的书架
  • 预约/预借图书
  • 作者相关作品
  • 分类相关作品
  • 丛书相关作品
  • 出版社相关作品

书目信息

  • 表格格式
  • 工作单格式
  • 卡片格式
题名:
南怀瑾的最后100天
    
 
作者: 王国平 著
分册:  
出版信息: 厦门   鹭江出版社  2017
页数: 335页
开本: 21cm
丛书名:
单 册:
中图分类: K825.46=76 , K825.46
科图分类:
主题词:
电子资源:
ISBN: 978-7-5459-1365-1
000 00868nam0 2200229 450
001 48
005 20180519103540.73
010    @a978-7-5459-1365-1@dCNY49.80
100    @a20171018d2017 em y0chiy50 ea
101 0  @achi
102    @aCN@b350000
105    @aa z 000yd
200 1  @a南怀瑾的最后100天@9nan huai jin de zui hou 100 tian@e一代宗师生命最后的光与热@f王国平著
210    @a厦门@c鹭江出版社@d2017
215    @a335页@c照片,图@d21cm
330    @a本书不仅记录了南怀瑾口述的许多往事,括中青年时期在四川的从政参学等故事,晚年的文化教育活动以及不为人知的生活细节,如作者亲自为南怀瑾做川菜的经过,更有南怀瑾临终前对中国文化与教育等问题的看法。
600  0 @a南怀瑾@f(1917-2012)@x生平事迹
690    @aK825.46=76@v5
690    @aK825.46@v4
701  0 @a王国平@9wang guo ping@f(1976-)@4著
801  0 @aCN@b91MARC@c20171018
905    @aMuseLib@dK825.46=76@e1074
    
    南怀瑾的最后100天:一代宗师生命最后的光与热/王国平著.-厦门:鹭江出版社,2017
    335页:照片,图;21cm
    
    
    ISBN 978-7-5459-1365-1:CNY49.80
    本书不仅记录了南怀瑾口述的许多往事,括中青年时期在四川的从政参学等故事,晚年的文化教育活动以及不为人知的生活细节,如作者亲自为南怀瑾做川菜的经过,更有南怀瑾临终前对中国文化与教育等问题的看法。
●
相关链接 在E读中查询图书 在五车中查询图书 在当当中查询图书 在豆瓣中查询图书


正题名:南怀瑾的最后100天     索取号:K825.46=76/1074         预约/预借

序号 登录号 条形码 馆藏地/架位号 状态 备注
1 1079441   210794416   第二样本阅览室/ [索取号:K825.46=76/1074] 在馆    
2 1079442   210794425   第二借阅区/ [索取号:K825.46=76/1074] 在馆    
3 1079443   210794434   第二借阅区/ [索取号:K825.46=76/1074] 在馆    
4 1079444   210794443   第二借阅区/ [索取号:K825.46=76/1074] 在馆    
5 1079445   210794452   第二借阅区/ [索取号:K825.46=76/1074] 在馆    
6 1079446   210794461   密集书库-文学院/ [索取号:K825.46=76/1074] 在馆    
7 1100244   211002449   第二借阅区/ [索取号:K825.46=76/1074] 在馆    
8 1100245   211002458   教育系资料室/ [索取号:K825.46=76/1074] 在馆    
9 1100246   211002467   教育系资料室/ [索取号:K825.46=76/1074] 在馆    
10 1100247   211002476   教育系资料室/ [索取号:K825.46=76/1074] 在馆    
11 1100248   211002485   第二借阅区/ [索取号:K825.46=76/1074] 在馆    
12 1100249   211002494   第二借阅区/ [索取号:K825.46=76/1074] 在馆    
唐山师范学院图书馆 欢迎您!
大连网信软件有限公司© 版权所有